[Event "Belgrade-chT Quality"]
[Site "Belgrade"]
[Date "2011.10.30"]
[Round "6"]
[White "Vojvodic, Vladimir"]
[Black "Tasev, Dejan"]
[Result "1/2-1/2"]
[WhiteElo "2162"]
[BlackElo "2164"]
[PlyCount "82"]
[EventDate "2011.10.15"]
[EventType "team-swiss"]
[EventRounds "11"]
[EventCountry "SRB"]
[SourceTitle "EXT 2012"]
[Source "ChessBase"]
[SourceDate "2011.11.24"]
[SourceVersion "1"]
[SourceVersionDate "2011.11.24"]
[SourceQuality "1"]

1. d4 Nf6 2. c4 c5 3. d5 b5 4. cxb5 a6 5. b6 d6 6. Nc3 g6 7. Qb3 Bb7 8. e4 Nbd7 9. Nf3 Bg7 10. Nd2 Qxb6 11. Nc4 Qc7 12. Be2 0-0 13. 0-0 Rab8 14. Qa3 e6 15. Bf4 Ne8 16. Rad1 e5 17. Be3 f5 18. f3 f4 19. Bd2 Rf7 20. Qa5 Qc8 21. Na4 Ba8 22. Na3 Nc7 23. Rc1 Qb7 24. Kh1 Nb5 25. Nc4 Bf6 26. Be1 Be7 27. Qd2 Nd4 28. Bd3 g5 29. Rb1 g4 30. b4 Qa7 31. bxc5 Rxb1 32. Bxb1 Nxc5 33. Nxc5 Qxc5 34. Bd3 gxf3 35. gxf3 Rg7 36. Qf2 Bb7 37. Bc3 Bc8 38. Bxd4 exd4 39. Rg1 Bf6 40. Rxg7+ Kxg7 41. Qd2 Be5 1/2-1/2

[Event "Belgrade-chT Quality"]
[Site "Belgrade"]
[Date "2011.10.29"]
[Round "5"]
[White "Stojkovic, Borivoje"]
[Black "Vojvodic, Vladimir"]
[Result "1-0"]
[WhiteElo "2013"]
[BlackElo "2162"]
[PlyCount "97"]
[EventDate "2011.10.15"]
[EventType "team-swiss"]
[EventRounds "11"]
[EventCountry "SRB"]
[SourceTitle "EXT 2012"]
[Source "ChessBase"]
[SourceDate "2011.11.24"]
[SourceVersion "1"]
[SourceVersionDate "2011.11.24"]
[SourceQuality "1"]

1. e4 e5 2. Nf3 Nc6 3. Bb5 a6 4. Ba4 Nf6 5. 0-0 Be7 6. d4 exd4 7. e5 Ne4 8. Nxd4 Nxd4 9. Qxd4 Nc5 10. Nc3 0-0 11. Bb3 Nxb3 12. axb3 d6 13. Nd5 dxe5 14. Qxe5 Bd6 15. Qh5 Re8 16. Ne3 Qf6 17. Nc4 Bf8 18. c3 b5 19. Na5 Re5 20. Qd1 Bc5 21. b4 Bb6 22. Be3 Bxe3 23. fxe3 Bf5 24. Qf3 Be4 25. Qxf6 gxf6 26. Rxf6 Kg7 27. Rf2 Rd8 28. Nb3 Bg6 29. Nd4 Rd6 30. Rf3 c5 31. bxc5 Rxc5 32. Rd1 Kf8 33. Rdf1 a5 34. Nb3 Re5 35. Nxa5 Rd2 36. R3f2 Rd3 37. Re1 Rdxe3 38. Rxe3 Rxe3 39. Rd2 h5 40. Nc6 Kg7 41. Kf2 Re6 42. Nb4 Be4 43. g3 Kg6 44. Nc2 Kg5 45. Nd4 Rb6 46. Ke3 Bg6 47. Rf2 Kg4 48. Rf3 Kh3 49. Kf2 1-0

[Event "SRB-chT quality"]
[Site "Belgrade"]
[Date "2010.10.24"]
[Round "6"]
[White "Petrovic, Petar"]
[Black "Vojvodic, Vladimir"]
[Result "1/2-1/2"]
[WhiteElo "2084"]
[BlackElo "2205"]
[PlyCount "93"]
[EventDate "2010.10.09"]
[EventType "team-tourn"]
[EventRounds "11"]
[EventCountry "YUG"]
[SourceTitle "EXT 2011"]
[Source "ChessBase"]
[SourceDate "2010.11.26"]
[SourceVersion "1"]
[SourceVersionDate "2010.11.26"]
[SourceQuality "1"]

1. c4 e5 2. Nc3 Nc6 3. g3 Nf6 4. Bg2 Bb4 5. Nd5 Bc5 6. e3 Nxd5 7. cxd5 Nb4 8. d4 exd4 9. exd4 Be7 10. a3 Na6 11. Ne2 0-0 12. 0-0 c6 13. Nf4 Nc7 14. dxc6 dxc6 15. d5 c5 16. Be3 Bd6 17. Qc2 b6 18. Rad1 Ne8 19. Rfe1 Bg4 20. Rd2 Rc8 21. h3 Bd7 22. Red1 Qf6 23. Be4 h6 24. Bg2 Qf5 25. Qc1 h5 26. h4 Nf6 27. Bh3 Qe4 28. Bg2 Qf5 29. Re1 Rfe8 30. Bh3 Qe4 31. Bg2 Qf5 32. Bh3 Qh7 33. Bxd7 Nxd7 34. Qb1 Qxb1 35. Rxb1 Ne5 36. Rc2 g6 37. Kg2 Ng4 38. Bd2 Rcd8 39. Rd1 Re5 40. Bc1 Rf5 41. Nh3 Be5 42. b4 Bd4 43. Nf4 Nf6 44. bxc5 bxc5 45. Bb2 Nxd5 46. Nxd5 Rfxd5 47. Bc1 1/2-1/2

[Event "Belgrade-chT Quality"]
[Site "Belgrade"]
[Date "2009.10.30"]
[Round "8"]
[White "Vojvodic, Vladimir"]
[Black "Nikolic, Milos"]
[Result "0-1"]
[WhiteElo "2231"]
[BlackElo "2301"]
[PlyCount "67"]
[EventDate "2009.10.11"]
[EventType "team-tourn"]
[EventRounds "11"]
[EventCountry "YUG"]
[SourceTitle "CBM 133 Extra"]
[Source "ChessBase"]
[SourceDate "2010.01.05"]
[SourceVersion "1"]
[SourceVersionDate "2010.01.05"]
[SourceQuality "1"]

1. d4 c5 2. d5 e5 3. Nc3 d6 4. e4 Nf6 5. Nf3 g6 6. Be2 Bg7 7. Nd2 0-0 8. 0-0 Ne8 9. Nc4 Nd7 10. a4 a6 11. Ra3 Nb6 12. Ne3 f5 13. a5 Nd7 14. Nc4 Qe7 15. Rb3 Rb8 16. Nd2 Bh6 17. Nc4 Bxc1 18. Qxc1 Ndf6 19. exf5 Bxf5 20. f4 e4 21. Ne3 Ng7 22. g4 Bd7 23. Qe1 Kh8 24. Rb6 Be8 25. Bxa6 Qc7 26. Bb5 Ra8 27. Bxe8 Rxa5 28. Nc4 Ngxe8 29. g5 Nh5 30. Qxe4 Ra6 31. Rxa6 bxa6 32. f5 gxf5 33. Rxf5 Rg8 34. Qf3 0-1

[Event "Belgrade-chT Quality"]
[Site "Belgrade"]
[Date "2009.10.24"]
[Round "4"]
[White "Vojvodic, Vladimir"]
[Black "Matic, Petar"]
[Result "0-1"]
[WhiteElo "2231"]
[BlackElo "2239"]
[PlyCount "64"]
[EventDate "2009.10.11"]
[EventType "team-tourn"]
[EventRounds "11"]
[EventCountry "YUG"]
[SourceTitle "CBM 133 Extra"]
[Source "ChessBase"]
[SourceDate "2010.01.05"]
[SourceVersion "1"]
[SourceVersionDate "2010.01.05"]
[SourceQuality "1"]

1. d4 Nf6 2. c4 g6 3. Nc3 Bg7 4. e4 d6 5. Nf3 0-0 6. Be2 e5 7. 0-0 Nc6 8. d5 Ne7 9. b4 Nh5 10. Re1 f5 11. Ng5 Nf6 12. Bf3 fxe4 13. Ngxe4 Nf5 14. Bg5 h6 15. Bxf6 Bxf6 16. Bg4 Bg7 17. c5 h5 18. Bh3 Bh6 19. a4 Qh4 20. Qd3 Nd4 21. Bxc8 Raxc8 22. Nb5 Bf4 23. Ng3 Qf6 24. Nxd4 Bxg3 25. Qxg3 h4 26. Qf3 exd4 27. Qxf6 Rxf6 28. Re4 a5 29. Rxh4 axb4 30. c6 bxc6 31. dxc6 d5 32. Rxd4 Rxc6 0-1

[Event "Banja Luka Vjestice Memorial 2nd"]
[Site "Banja Luka"]
[Date "2008.07.29"]
[Round "8"]
[White "Vojvodic, Vladimir"]
[Black "Popovic, Zoran"]
[Result "1/2-1/2"]
[WhiteElo "2234"]
[BlackElo "2348"]
[PlyCount "141"]
[EventDate "2008.07.21"]
[EventType "tourn"]
[EventRounds "9"]
[EventCountry "BIH"]
[EventCategory "4"]
[SourceTitle "CBM 125 Extra"]
[Source "ChessBase"]
[SourceDate "2008.09.01"]
[SourceVersion "1"]
[SourceVersionDate "2008.09.01"]
[SourceQuality "1"]

1. d4 Nf6 2. c4 g6 3. Nc3 Bg7 4. e4 d6 5. Nf3 0-0 6. Be2 e5 7. 0-0 Nc6 8. d5 Ne7 9. b4 a5 10. bxa5 Rxa5 11. a4 Nd7 12. Nd2 f5 13. Ba3 Ra8 14. Nb3 Nf6 15. f3 Bh6 16. c5 Be3+ 17. Kh1 Nh5 18. Qe1 f4 19. Nd1 Nf5 20. exf5 Ng3+ 21. hxg3 Qg5 22. Nxe3 fxg3 23. Qxg3 Qxg3 24. cxd6 Rxa4 25. d7 Rh4+ 26. Kg1 Bxd7 27. Bxf8 Kxf8 28. fxg6 hxg6 29. Nc5 Bf5 30. Ne4 Qh2+ 31. Kf2 Bxe4 32. fxe4 Rxe4 33. Bf3 Rd4 34. Rad1 Ke7 35. Ng4 Qh4+ 36. g3 Qg5 37. Rxd4 exd4 38. Rd1 Kd6 39. Rxd4 Qc1 40. Rd1 Qc2+ 41. Kg1 b5 42. Nf2 b4 43. Be4 Qc3 44. Kg2 g5 45. Rd3 Qc4 46. Kf3 b3 47. Nd1 g4+ 48. Kf4 b2 49. Nxb2 Qc1+ 50. Kxg4 Qxb2 51. Kf3 Ke5 52. Re3 Qh2 53. Re2 Qg1 54. Kg4 Kf6 55. Bf3 Qf1 56. Re6+ Kf7 57. Rc6 Qd3 58. Rxc7+ Kf6 59. Rc6+ Kg7 60. Re6 Qd4+ 61. Re4 Qf6 62. Re6 Qd4+ 63. Be4 Qd1+ 64. Kh4 Qd2 65. d6 Kf7 66. Bf5 Qd4+ 67. Kh3 Qd1 68. Kh4 Qd4+ 69. Kg5 Qd2+ 70. Kh4 Qd1 71. Kg5 1/2-1/2